Entry Personal Name
Number of records used in: 1
001 - CONTROL NUMBER
003 - CONTROL NUMBER IDENTIFIER
005 - DATE AND TIME OF LATEST TRANSACTION
- control field:
20191223145331.0
008 - FIXED-LENGTH DATA ELEMENTS
- fixed length control field:
940516n| acannaab| |n aaa |||
010 ## - LIBRARY OF CONGRESS CONTROL NUMBER
- LC control number:
n 94047050
040 ## - CATALOGING SOURCE
- Original cataloging agency:
DLC
- Transcribing agency:
DLC
100 10 - HEADING--PERSONAL NAME
- Personal name:
Mizen, Paul
670 ## - SOURCE DATA FOUND
- Source citation:
Buffer stock models and the demand for money, c1994:
- Information found:
CIP t.p. (Paul Mizen)